| 000 | 00474nam a2200181 a 4500 | ||
|---|---|---|---|
| 005 | 20251002063909.0 | ||
| 008 | 010621s1997 ea r 000 0 eng d | ||
| 020 | _a0811818721 | ||
| 035 | _aUPN01000108844 | ||
| 049 | _aCE | ||
| 050 | 4 |
_aNK2119 _bC6.4 |
|
| 245 | 0 | 4 | _aThe color book. |
| 260 |
_aSan Francisco [E.U.A.] : _bChronicle books, _c1997. |
||
| 300 |
_a102 p. : _bil. col. |
||
| 650 | 4 |
_aDECORACION DE INTERIORES _912562 |
|
| 650 | 2 |
_aColor _98957 |
|
| 905 | _aLibro | ||
| 999 |
_c82755 _d82755 |
||